000 01322nam a2200421 i 4500
001 45840
003 KOSZ 005
005 20210113122011.0
008 991010s1999 pl f |000 0 pol d
020 _a8371872666
040 _cKOSZ 005
_aKOSZ 005
_dKOSZ 005/HR
041 0 _apol
046 _k1999
080 _a331.101.1
080 _a004.3
080 _a(083.1)
100 1 _aSikorski, Marcin
_c(zarządzanie)
_eAutor
245 0 0 _aJak ocenić ryzyko pracy przy komputerze /
_cMarcin Sikorski, Jerzy Grabosz.
260 _aGdańsk :
_bOśrodek Doradztwa i Doskonalenia Kadr,
_c1999.
300 _a74 s. :
_brys. ;
_c24 cm.
336 _2rdacontent
_aTekst
_btxt
337 _2rdamedia
_aBez urządzenia pośredniczącego
_bn
338 _2rdacarrier
_aWolumin
_bnc
380 _aKsiążki
380 _aPublikacje fachowe
388 _a1901-2000
388 _a1989-2000
500 _aNa okł. odwrotna kolejność aut.
504 _aBibliogr.
650 9 _aKomputery
650 9 _aErgonomia
650 9 _aBHP
655 _aPoradnik
658 _aInformatyka i technologie informacyjne
700 1 _aGrabosz, Jerzy
_eAutor
856 _uhttp://koha.tu.koszalin.pl/cgi-bin/koha/opac-detail.pl?biblionumber=45840
_yKatalog online BPK
942 _cKS
_2UKD
999 _c45840
_d45840